[Event "23rd EUR-ch"]
[Site "Vrnjacka Banja SRB"]
[Date "2023.03.09"]
[Round "7.197"]
[White "Kostic, Milutin B."]
[Black "Mitrovic, Marjan"]
[Result "1/2-1/2"]
[WhiteElo "2049"]
[BlackElo "2208"]
[EventDate "2023.03.03"]
[PlyCount "64"]

1.d4 Nf6 2.Nf3 e6 3.c4 b6 4.g3 Ba6 5.b3 Bb4+ 6.Bd2 Be7 7.Bg2 O-O 8.Nc3 d5 
9.Ne5 c6 10.cxd5 cxd5 11.O-O Nfd7 12.Nf3 Nc6 13.Qc1 Rc8 14.Qb2 Nf6 15.Rfd1
Ne4 16.Be1 f5 17.e3 Bd6 18.a4 Qd7 19.Nb5 Bb8 20.Bf1 Bb7 21.Rac1 a6 22.Nc3 
Rf6 23.Ne2 g5 24.Ne5 Bxe5 25.dxe5 Rh6 26.f3 Nc5 27.a5 Qf7 28.axb6 Nd7 29.
f4 Nxb6 30.Nd4 Qh5 31.Nxc6 Rxc6 32.Qe2 Qe8 1/2-1/2

[Event "23rd EUR-ch"]
[Site "Vrnjacka Banja SRB"]
[Date "2023.03.09"]
[Round "7.198"]
[White "Oliinyk, Serafim"]
[Black "Starcevic, Ante Leon"]
[Result "0-1"]
[WhiteElo "2042"]
[BlackElo "2202"]
[EventDate "2023.03.03"]
[PlyCount "52"]

1.d4 Nf6 2.c4 g6 3.Nc3 d5 4.Nf3 Bg7 5.h4 c6 6.cxd5 Nxd5 7.e4 Nxc3 8.bxc3 
c5 9.h5 O-O 10.Ng5 cxd4 11.Bc4 Nc6 12.Nxh7 dxc3 13.Qxd8 Rxd8 14.hxg6 Be6 
15.gxf7+ Bxf7 16.Bxf7+ Kxf7 17.Ng5+ Kg8 18.Be3 c2 19.Rc1 Nb4 20.Ke2 Rac8 
21.Ne6 Rd6 22.Nxg7 Kxg7 23.Ra1 Rc4 24.f3 Nd3 25.Bc1 b5 26.Rh5 Rb4 0-1

[Event "23rd EUR-ch"]
[Site "Vrnjacka Banja SRB"]
[Date "2023.03.09"]
[Round "7.199"]
[White "Glienke, Manfred"]
[Black "Gusev, Mikhail"]
[Result "1-0"]
[WhiteElo "2201"]
[BlackElo "2039"]
[EventDate "2023.03.03"]
[PlyCount "103"]

1.Nf3 Nf6 2.d4 c5 3.e3 e6 4.c4 b6 5.Be2 Bb7 6.O-O Be7 7.Nc3 O-O 8.d5 exd5 
9.cxd5 d6 10.e4 Nbd7 11.h3 a6 12.a4 Re8 13.Re1 Bf8 14.Bf1 g6 15.Bf4 Qc7 
16.Nd2 Ne5 17.Bg5 Bg7 18.f4 Ned7 19.Qf3 h6 20.Bh4 Nh7 21.Bf2 g5 22.g3 Kh8 
23.Nc4 gxf4 24.gxf4 Rg8 25.Kh2 Rae8 26.Ne3 Bc8 27.Nf5 Bf8 28.Ne2 Ndf6 29.
Neg3 h5 30.Rad1 Bxf5 31.Nxf5 Qd7 32.Ng3 Bh6 33.Nf5 Bf8 34.Ng3 Bh6 35.b3 
Rg7 36.Nf5 Rg6 37.Nxh6 Rxh6 38.Bh4 Rg8 39.Rd2 Rg7 40.Rg2 Rxg2+ 41.Bxg2 Nf8
42.e5 dxe5 43.fxe5 Ng4+ 44.Kg1 Ng6 45.Bf6+ Nxf6 46.Qxf6+ Kg8 47.e6 fxe6 
48.Rxe6 Qg7 49.Rxb6 Ne7 50.Qxg7+ Kxg7 51.Rxh6 Kxh6 52.d6 1-0

[Event "23rd EUR-ch"]
[Site "Vrnjacka Banja SRB"]
[Date "2023.03.09"]
[Round "7.201"]
[White "Bashirov, Kemal"]
[Black "Kotyk, Michael"]
[Result "1-0"]
[WhiteElo "2188"]
[BlackElo "2018"]
[EventDate "2023.03.03"]
[PlyCount "75"]

1.d4 Nf6 2.c4 e6 3.Nc3 Bb4 4.Nf3 Bxc3+ 5.bxc3 b6 6.e3 Bb7 7.Bd3 d6 8.O-O 
Nbd7 9.Re1 Qe7 10.e4 e5 11.Qc2 h6 12.Nh4 g6 13.Nf3 g5 14.Nd2 Rg8 15.Qd1 
O-O-O 16.a4 a5 17.Rb1 c5 18.d5 g4 19.Nf1 Nh5 20.g3 Kc7 21.Ne3 Rg6 22.Nxg4 
Nf4 23.Bxf4 h5 24.Nxe5 dxe5 25.Be3 h4 26.Bf1 Nf6 27.Bg2 Bc8 28.Rb2 Ng4 29.
Bf3 Nxh2 30.Kxh2 hxg3+ 31.fxg3 Rh8+ 32.Kg2 Rxg3+ 33.Kxg3 Qh4+ 34.Kg2 Bh3+ 
35.Kg1 Qg3+ 36.Rg2 Bxg2 37.Bxg2 Rh2 38.Re2 1-0

[Event "23rd EUR-ch"]
[Site "Vrnjacka Banja SRB"]
[Date "2023.03.09"]
[Round "7.202"]
[White "Zlatkov, Anton"]
[Black "Banov, Boil"]
[Result "1/2-1/2"]
[WhiteElo "2174"]
[BlackElo "2016"]
[EventDate "2023.03.03"]
[PlyCount "127"]

1.e4 c5 2.Nf3 Nc6 3.d4 cxd4 4.Nxd4 Nf6 5.Nc3 e5 6.Ndb5 d6 7.Bg5 a6 8.Na3 
b5 9.Nd5 Be7 10.Bxf6 Bxf6 11.c3 Ne7 12.Nc2 Nxd5 13.Qxd5 Rb8 14.Nb4 Bb7 15.
Qd3 O-O 16.Rd1 a5 17.Nd5 Bxd5 18.Qxd5 b4 19.cxb4 Rxb4 20.b3 a4 21.Bc4 axb3
22.axb3 Rb6 23.O-O Qa8 24.Qxa8 Rxa8 25.Ra1 Rbb8 26.Bd5 Rxa1 27.Rxa1 Rc8 
28.Kf1 Kf8 29.Ra7 Be7 30.b4 g6 31.b5 Rb8 32.Bc6 h5 33.Ke2 h4 34.Kd3 h3 35.
gxh3 d5 36.exd5 Bc5 37.Ra2 Ke7 38.f3 Bb6 39.h4 Rh8 40.Ra6 Rb8 41.Ra4 f5 
42.Ke2 Kd6 43.Kf1 Rh8 44.Kg2 Kc7 45.Ra6 Rb8 46.Kg3 Kd6 47.h5 gxh5 48.Kh4 
e4 49.fxe4 fxe4 50.Ra4 Ke5 51.d6 Kxd6 52.Rxe4 Bf2+ 53.Kg5 Rg8+ 54.Kh6 h4 
55.Re2 Rf8 56.Kh5 Kc5 57.Kg4 Kd6 58.Rc2 Rg8+ 59.Kh3 Rf8 60.Bg2 Kd7 61.Bc6+
Kd6 62.Bg2 Kd7 63.Rc4 Rf6 64.Rc2 1/2-1/2

[Event "23rd EUR-ch"]
[Site "Vrnjacka Banja SRB"]
[Date "2023.03.09"]
[Round "7.203"]
[White "Androutsopoulos-Agiotatos, Vasil"]
[Black "Cuzovic, Ognjen"]
[Result "0-1"]
[WhiteElo "2161"]
[BlackElo "2009"]
[EventDate "2023.03.03"]
[PlyCount "66"]

1.e4 c6 2.d4 d5 3.e5 Bf5 4.Nd2 e6 5.Nb3 Nd7 6.Nf3 c5 7.Be2 Ne7 8.c3 Nc6 9.
O-O Be7 10.Be3 c4 11.Nbd2 O-O 12.Ne1 f6 13.f4 fxe5 14.dxe5 Bc5 15.Bxc5 
Nxc5 16.Kh1 Qb6 17.b3 Rad8 18.Bg4 cxb3 19.axb3 d4 20.Bxf5 dxc3 21.Bxh7+ 
Kxh7 22.Qh5+ Kg8 23.Nef3 cxd2 24.Ng5 Rf5 25.g4 Rxg5 26.fxg5 Nxe5 27.g6 
Qc6+ 28.Kg1 Nf3+ 29.Rxf3 Qxf3 30.Qh7+ Kf8 31.Qh8+ Ke7 32.Qxg7+ Kd6 33.Qd4+
Qd5 0-1

[Event "23rd EUR-ch"]
[Site "Vrnjacka Banja SRB"]
[Date "2023.03.09"]
[Round "7.204"]
[White "Lazic, Emanuel"]
[Black "Gikas, Andreas Basilius"]
[Result "1/2-1/2"]
[WhiteElo "2041"]
[BlackElo "2157"]
[EventDate "2023.03.03"]
[PlyCount "78"]

1.e4 c5 2.Nf3 e6 3.d4 cxd4 4.Nxd4 Nc6 5.Nc3 Qc7 6.Be3 a6 7.Be2 Nf6 8.a3 
Be7 9.O-O O-O 10.f4 d6 11.Qd3 Bd7 12.Kh1 b5 13.Bf3 Rac8 14.Nb3 Rfd8 15.Ne2
Bf8 16.c3 Ne7 17.Ng3 Bc6 18.Qe2 Bb7 19.Qf2 Nd7 20.f5 exf5 21.exf5 Bxf3 22.
Qxf3 Ne5 23.Qd1 Nc4 24.Bc1 Nc6 25.f6 g6 26.Rb1 Re8 27.Nd4 Nxd4 28.Qxd4 Qc5
29.Qh4 Ne3 30.Bxe3 Qxe3 31.Qg4 Rc4 32.Qd7 Re6 33.Qb7 h5 34.Rf3 Qd2 35.Rbf1
h4 36.R3f2 Qd3 37.Rf3 Qd2 38.R3f2 Qd3 39.Rf3 Qd2 1/2-1/2

[Event "23rd EUR-ch"]
[Site "Vrnjacka Banja SRB"]
[Date "2023.03.09"]
[Round "7.205"]
[White "Lorscheid, Gerhard"]
[Black "Antonioudakis, Georgios"]
[Result "1-0"]
[WhiteElo "2140"]
[BlackElo "1953"]
[EventDate "2023.03.03"]
[PlyCount "65"]

1.Nf3 Nf6 2.c4 e6 3.b3 d5 4.Bb2 b6 5.g3 Bb7 6.Bg2 Bd6 7.O-O a6 8.d3 Nbd7 
9.Nbd2 O-O 10.Qc2 Re8 11.Rac1 Rb8 12.a3 Qe7 13.b4 c5 14.bxc5 Bxc5 15.a4 e5
16.cxd5 Bxd5 17.e4 Bc6 18.Nc4 Bxa4 19.Qxa4 b5 20.Qa1 bxc4 21.Rxc4 Qd6 22.
d4 exd4 23.Nxd4 Qb6 24.Rc2 Nxe4 25.Nf5 Nef6 26.Bh3 Qb5 27.Nxg7 Qd3 28.Nxe8
Qxc2 29.Nxf6+ Nxf6 30.Bxf6 Bxf2+ 31.Kh1 Rb6 32.Bg7 Rd6 33.Qe5 1-0

[Event "23rd EUR-ch"]
[Site "Vrnjacka Banja SRB"]
[Date "2023.03.09"]
[Round "7.206"]
[White "Garifulin, Yury"]
[Black "Medancic, Rikard"]
[Result "1/2-1/2"]
[WhiteElo "1975"]
[BlackElo "2139"]
[EventDate "2023.03.03"]
[PlyCount "102"]

1.e4 c6 2.d4 d5 3.Nc3 dxe4 4.Nxe4 Nf6 5.Nxf6+ exf6 6.c3 Bd6 7.Bd3 O-O 8.
Qc2 Re8+ 9.Ne2 h5 10.O-O h4 11.h3 Qc7 12.Bd2 Nd7 13.Rae1 Nf8 14.Kh1 Bd7 
15.Ng1 Rxe1 16.Rxe1 Re8 17.Rxe8 Bxe8 18.Qd1 Qa5 19.a3 Bb8 20.Qg4 Qc7 21.f4
Ng6 22.Bxg6 fxg6 23.Nf3 c5 24.d5 Qd7 25.Qxd7 Bxd7 26.Nxh4 Kf7 27.b3 c4 28.
bxc4 Bd6 29.Bc1 Ba4 30.Nf3 Bb3 31.Nd2 Bc2 32.g3 g5 33.fxg5 Bxg3 34.Nf3 Bb3
35.Kg2 Bd6 36.Nd2 Bc2 37.h4 fxg5 38.hxg5 Bf4 39.Nb3 Bxg5 40.Bxg5 Bxb3 41.
d6 Ke6 42.Be3 a6 43.c5 Ba4 44.Bd4 g6 45.c4 Bb3 46.c6 bxc6 47.c5 Bc2 48.Kg3
Bf5 49.Kf4 Kd5 50.Be3 a5 51.Kg5 Ke6 1/2-1/2

[Event "23rd EUR-ch"]
[Site "Vrnjacka Banja SRB"]
[Date "2023.03.09"]
[Round "7.207"]
[White "Lazic, Ljubisa"]
[Black "Dumbelovic, Novak"]
[Result "0-1"]
[WhiteElo "2138"]
[BlackElo "1948"]
[EventDate "2023.03.03"]
[PlyCount "132"]

1.d4 Nf6 2.Bg5 d5 3.e3 c5 4.c3 Qb6 5.Qb3 c4 6.Qc2 Ne4 7.Bf4 Bf5 8.Qc1 g5 
9.Bxb8 Rxb8 10.h4 g4 11.g3 Qc7 12.Ne2 e6 13.Bg2 b5 14.a3 a5 15.Nd2 Nxd2 
16.Qxd2 Bd6 17.O-O Kd7 18.Rfe1 b4 19.axb4 axb4 20.Nf4 bxc3 21.bxc3 Bxf4 
22.exf4 Rb5 23.Re5 f6 24.Rxf5 exf5 25.Qc2 Rd8 26.Qxf5+ Kc6 27.Qxf6+ Rd6 
28.Qf8 Qd8 29.Qg7 Qd7 30.Qg8 Qb7 31.Ra8 Qd7 32.Ra6+ Kc7 33.Ra1 Rdb6 34.Kh2
h5 35.Qh8 Rb2 36.Ra7+ Rb7 37.Qe5+ Kc6 38.Ra4 Kb6 39.Qxd5 Qxd5 40.Bxd5 Re7 
41.Bxc4 Rxf2+ 42.Kg1 Rf3 43.Ra6+ Kb7 44.Re6 Rxe6 45.Bxe6 Rxg3+ 46.Kh2 Rxc3
47.Bf7 Rh3+ 48.Kg2 Rxh4 49.d5 Kc7 50.f5 Rh3 51.f6 h4 52.Be6 Rg3+ 53.Kh2 
Rf3 54.Bxg4 Rxf6 55.Kh3 Rh6 56.Be6 Kd6 57.Bf7 Ke5 58.Bg8 Kf4 59.Be6 Kg5 
60.Bg8 Ra6 61.Be6 Ra3+ 62.Kh2 Rd3 63.Bf7 h3 64.Be6 Kh4 65.d6 Rd2+ 66.Kg1 
Rxd6 0-1

[Event "23rd EUR-ch"]
[Site "Vrnjacka Banja SRB"]
[Date "2023.03.09"]
[Round "7.208"]
[White "Korelsky, Egor"]
[Black "Deveci, Huseyin Said"]
[Result "1-0"]
[WhiteElo "2127"]
[BlackElo "1913"]
[EventDate "2023.03.03"]
[PlyCount "93"]

1.e4 c6 2.Nc3 d5 3.Nf3 Bg4 4.h3 Bxf3 5.Qxf3 e6 6.a3 Nd7 7.d3 Qb6 8.Be2 
Ngf6 9.Qg3 O-O-O 10.O-O h5 11.h4 Be7 12.Ra2 Ng4 13.a4 Rdg8 14.exd5 exd5 
15.Bg5 f6 16.Bf4 Qb4 17.Bd2 Bd6 18.Qh3 Qd4 19.a5 Qe5 20.a6 b6 21.Ra4 f5 
22.Bf4 Qe6 23.Qg3 Be7 24.Re1 b5 25.Raa1 Qf7 26.Bf3 Bc5 27.Rf1 Nf8 28.d4 
Be7 29.Bxd5 cxd5 30.Nxb5 Ne6 31.Nxa7+ Kd7 32.Qb3 Nxf4 33.Qb7+ Ke6 34.Qc6+ 
Bd6 35.Rae1+ Kf6 36.Qxd6+ Ne6 37.Nc6 Re8 38.c4 Qf8 39.Qxd5 Nf4 40.Qf3 Qd6 
41.g3 Ng6 42.c5 Qd7 43.b4 Rxe1 44.Rxe1 Re8 45.Rxe8 Qxe8 46.a7 Qa8 47.Qd5 
1-0

[Event "23rd EUR-ch"]
[Site "Vrnjacka Banja SRB"]
[Date "2023.03.09"]
[Round "7.209"]
[White "Arsenie, Cristian Marc"]
[Black "Demir, Baran"]
[Result "1-0"]
[WhiteElo "1971"]
[BlackElo "2122"]
[EventDate "2023.03.03"]
[PlyCount "94"]

1.e4 c5 2.Nf3 Nc6 3.Bb5 g6 4.O-O Bg7 5.c3 Nf6 6.Re1 O-O 7.d4 cxd4 8.cxd4 
d5 9.e5 Ne8 10.h3 Bf5 11.a3 Rc8 12.Nc3 Na5 13.Be3 a6 14.Bf1 b5 15.Rc1 Nc4 
16.Bxc4 bxc4 17.b4 Nc7 18.Na4 Nb5 19.Nc5 Nxa3 20.Qa4 Nb5 21.Qxa6 Nc7 22.
Qa4 Rb8 23.Nh4 Bc8 24.Qa7 Rxb4 25.Bd2 Rb2 26.Bc3 Nb5 27.Qb8 Nxc3 28.Qxb2 
Ne4 29.Nxe4 dxe4 30.Qc2 g5 31.Rxe4 gxh4 32.Rxh4 h6 33.Qxc4 e6 34.Rg4 h5 
35.Rg3 Qh4 36.Qb4 Rd8 37.Rc7 Bd7 38.Rc4 Qe4 39.Qe7 Rb8 40.Qxd7 Rb1+ 41.Kh2
h4 42.Qd8+ Kh7 43.Rxg7+ Kxg7 44.Qf6+ Kh7 45.Rc7 Rb7 46.Qxf7+ Kh6 47.Rxb7 
Qxd4 1-0

[Event "23rd EUR-ch"]
[Site "Vrnjacka Banja SRB"]
[Date "2023.03.09"]
[Round "7.211"]
[White "Poupalos, Nikolaos"]
[Black "Gkavardinas, Antonios"]
[Result "1/2-1/2"]
[WhiteElo "1906"]
[BlackElo "2121"]
[EventDate "2023.03.03"]
[PlyCount "159"]

1.e4 c6 2.d4 d5 3.e5 Bf5 4.Nd2 h5 5.Nb3 e6 6.Nf3 Be7 7.Be2 Nd7 8.O-O a6 9.
c3 Nh6 10.a4 Qc7 11.Bd2 f6 12.Nh4 fxe5 13.Nxf5 Nxf5 14.dxe5 O-O-O 15.Re1 
Nxe5 16.g3 h4 17.g4 Nd6 18.Nc5 Ne4 19.Nxe6 Qd6 20.Nxd8 Bxd8 21.Be3 Bc7 22.
f4 Ng6 23.Rf1 Rf8 24.Qc1 Nxf4 25.Rxf4 Rxf4 26.Bxf4 Qxf4 27.Qxf4 Bxf4 28.
Bd3 Nd6 29.Bg6 Kd7 30.Re1 Bg5 31.Kg2 Bf6 32.Kf3 Nc4 33.Re2 Ne5+ 34.Rxe5 
Bxe5 35.h3 Kd6 36.Ke3 a5 37.Kd3 Kc5 38.b3 Bf6 39.Kc2 Bg5 40.Kd3 Bf6 41.Kc2
d4 42.cxd4+ Kxd4 43.g5 Bxg5 44.Bf5 Bf4 45.Bc8 b6 46.Bd7 c5 47.Bb5 g5 48.
Be2 Be3 49.Kb2 Bf2 50.Kc2 Be1 51.Kb2 Ke3 52.Bg4 Kd2 53.Be6 Bg3 54.Bg4 Be5+
55.Ka2 Kc3 56.Be6 Bf6 57.Ka3 Be7 58.Ka2 Bd6 59.Bg4 c4 60.bxc4 Kxc4 61.Kb2 
Kb4 62.Bd7 g4 63.hxg4 h3 64.g5 h2 65.Bc6 h1=Q 66.Bxh1 Kxa4 67.Be4 Kb4 68.
Bc2 Be5+ 69.Ka2 Bg7 70.g6 Kc3 71.Ba4 Kc4 72.Bd1 b5 73.Be2+ Kb4 74.Bd1 a4 
75.Be2 Bf6 76.Bd3 Ka5 77.Bc2 b4 78.Bd1 Kb5 79.Bc2 a3 80.Bb3 1/2-1/2

[Event "23rd EUR-ch"]
[Site "Vrnjacka Banja SRB"]
[Date "2023.03.09"]
[Round "7.212"]
[White "Bashirli, Nail"]
[Black "Butolo, Alexandru-Mircea"]
[Result "1-0"]
[WhiteElo "2343"]
[BlackElo "2027"]
[EventDate "2023.03.03"]
[PlyCount "87"]

1.e4 c5 2.Nc3 a6 3.g3 b5 4.Bg2 Bb7 5.f4 e6 6.Nh3 Be7 7.O-O Qc7 8.d3 Nc6 9.
f5 Nf6 10.Bf4 Bd6 11.Qd2 O-O-O 12.a4 b4 13.Ne2 Ng4 14.c3 e5 15.Be3 Nxe3 
16.Qxe3 Kb8 17.Ng5 Rdg8 18.Nf3 f6 19.Rac1 Qd8 20.Nd2 Bc7 21.Nc4 d6 22.Kh1 
g6 23.d4 cxd4 24.cxd4 Bb6 25.Qd2 Nxd4 26.Nxd4 Bxd4 27.Qxb4 Bc5 28.Qd2 gxf5
29.b4 Bd4 30.b5 axb5 31.Na5 Be3 32.Qxe3 Qxa5 33.axb5 Qa7 34.b6 Qa4 35.Ra1 
Qb4 36.Rfb1 Qc5 37.Qb3 Rc8 38.Qa2 Rc6 39.Bh3 Rxb6 40.Qa7+ Kc8 41.Rxb6 
Bxe4+ 42.Bg2 Bxg2+ 43.Kxg2 Qd5+ 44.Kh3 1-0

[Event "23rd EUR-ch"]
[Site "Vrnjacka Banja SRB"]
[Date "2023.03.09"]
[Round "7.213"]
[White "Stoychev, Ognian"]
[Black "Kisic, Bozidar"]
[Result "1/2-1/2"]
[WhiteElo "1952"]
[BlackElo "2283"]
[EventDate "2023.03.03"]
[PlyCount "160"]

1.d4 g6 2.c4 c5 3.d5 b5 4.cxb5 d6 5.Nc3 a6 6.b6 Qxb6 7.Nf3 Bg7 8.Nd2 Nd7 
9.e4 Ngf6 10.Be2 O-O 11.O-O a5 12.a4 Ba6 13.Nb5 Qd8 14.Qc2 Ne8 15.Nc4 Bb7 
16.Bg5 Ne5 17.f4 Nxc4 18.Bxc4 Nc7 19.f5 Nxb5 20.axb5 Bc8 21.Ra3 Bd7 22.Kh1
Qe8 23.Qe2 a4 24.b3 axb3 25.Rxb3 Bf6 26.Bh6 Bg7 27.Bxg7 Kxg7 28.b6 Ra4 29.
b7 Qb8 30.Bb5 Bxb5 31.Rxb5 f6 32.fxg6 hxg6 33.Qb2 Rd8 34.Ra1 Qa7 35.Rxa4 
Qxa4 36.h3 Rb8 37.Qe2 c4 38.Rb1 c3 39.Kh2 c2 40.Rc1 Rxb7 41.Qxc2 Qxc2 42.
Rxc2 Rb3 43.Re2 Rd3 44.Kg1 Kf7 45.Kf2 f5 46.e5 Rxd5 47.exd6 exd6 48.h4 Rd3
49.Ra2 Rd4 50.g3 Kf6 51.Ra8 Re4 52.Kf3 Re6 53.Kf4 d5 54.Rd8 Re4+ 55.Kf3 
Rd4 56.Rd6+ Kf7 57.Rd8 Ke7 58.Ra8 Re4 59.Rg8 Rg4 60.h5 gxh5 61.Rh8 Rg7 62.
Kf4 Kd6 63.Rxh5 Rg4+ 64.Kf3 Ke5 65.Rh8 Rg6 66.Re8+ Re6 67.Rc8 d4 68.Rc5+ 
Kf6 69.Rd5 Re3+ 70.Kf4 Re4+ 71.Kf3 Ke6 72.Rd8 Re3+ 73.Kf4 Rd3 74.Re8+ Kd6 
75.Rg8 Ke6 76.Rg6+ Kf7 77.Rg5 Rd1 78.Rxf5+ Ke6 79.g4 Rf1+ 80.Ke4 Rxf5 
1/2-1/2

[Event "23rd EUR-ch"]
[Site "Vrnjacka Banja SRB"]
[Date "2023.03.09"]
[Round "7.214"]
[White "Bozinovic, Boban"]
[Black "Farkas, Tibor"]
[Result "0-1"]
[WhiteElo "1931"]
[BlackElo "2247"]
[EventDate "2023.03.03"]
[PlyCount "96"]

1.e4 c5 2.Nf3 d6 3.d4 cxd4 4.Nxd4 Nf6 5.Nc3 a6 6.Bg5 e6 7.f4 h6 8.Bh4 Qb6 
9.a3 Nbd7 10.Bf2 Qc7 11.Qf3 b5 12.O-O-O Bb7 13.Bd3 Rc8 14.Rhe1 Be7 15.g4 
g5 16.fxg5 Ne5 17.Qg3 Nfxg4 18.g6 Bg5+ 19.Kb1 Nxf2 20.gxf7+ Qxf7 21.Rf1 
Nxd1 22.Rxf7 Nxc3+ 23.bxc3 Kxf7 24.h4 Bf6 25.Qh3 Rce8 26.Ne2 Bc8 27.h5 Bg5
28.Qf1+ Ke7 29.Qg1 Bd7 30.Kb2 Rhf8 31.Nc1 Rc8 32.Be2 Rf4 33.Bd3 Rg4 34.Qa7
Bxc1+ 35.Kxc1 Nxd3+ 36.cxd3 Rg2 37.e5 Rxc3+ 38.Kb1 Rxd3 39.exd6+ Rxd6 40.
Qc5 Bc6 41.Kc1 Rd2 42.Qa7+ Bd7 43.Qa8 b4 44.axb4 Ba4 45.Qa7+ Kf6 46.Kb1 
Rd1+ 47.Kb2 R6d2+ 48.Kc3 Rc2# 0-1

[Event "23rd EUR-ch"]
[Site "Vrnjacka Banja SRB"]
[Date "2023.03.09"]
[Round "7.215"]
[White "Lorenz, Roger"]
[Black "Celik, Ali Alper"]
[Result "1/2-1/2"]
[WhiteElo "2180"]
[BlackElo "1961"]
[EventDate "2023.03.03"]
[PlyCount "75"]

1.d4 d5 2.c4 c6 3.Nf3 Nf6 4.Nc3 dxc4 5.a4 Bf5 6.Ne5 Na6 7.f3 Nd7 8.Nxd7 
Bxd7 9.e4 e5 10.Bxc4 exd4 11.Qxd4 Nb4 12.Qe5+ Qe7 13.Qxe7+ Bxe7 14.Ke2 Nc2
15.Rb1 Be6 16.Bxe6 Nd4+ 17.Kf2 Nxe6 18.b4 O-O 19.Be3 Bf6 20.Ne2 Rfd8 21.
Rhd1 Rxd1 22.Rxd1 a5 23.Rb1 axb4 24.Rxb4 h6 25.f4 Be7 26.Rxb7 Bc5 27.Nc3 
Nxf4 28.Rc7 Ra6 29.g3 Ne6 30.Rc8+ Kh7 31.Rb8 Bd6 32.Rb6 Ra8 33.Rxc6 Be5 
34.Kf3 Bxc3 35.Rxc3 Rxa4 36.g4 Ra5 37.h4 h5 38.Rd3 1/2-1/2

[Event "23rd EUR-ch"]
[Site "Vrnjacka Banja SRB"]
[Date "2023.03.09"]
[Round "7.216"]
[White "Manko, Mariia"]
[Black "Djordjevic, Nevena"]
[Result "1-0"]
[WhiteElo "2159"]
[BlackElo "1889"]
[EventDate "2023.03.03"]
[PlyCount "34"]

1.Nf3 Nf6 2.c4 c5 3.Nc3 Nc6 4.d4 cxd4 5.Nxd4 e6 6.g3 Be7 7.Ndb5 O-O 8.Bf4 
Ne8 9.Bg2 d6 10.O-O a6 11.Na3 Bd7 12.Qd2 Qa5 13.Rfd1 Rd8 14.Bxc6 bxc6 15.
Nd5 Qxd2 16.Nxe7+ Kh8 17.Bxd2 e5 1-0

[Event "23rd EUR-ch"]
[Site "Vrnjacka Banja SRB"]
[Date "2023.03.09"]
[Round "7.217"]
[White "Labrovic, Jakov"]
[Black "Sitbon, Itay"]
[Result "0-1"]
[WhiteElo "1888"]
[BlackElo "2144"]
[EventDate "2023.03.03"]
[PlyCount "82"]

1.e4 c5 2.f4 d5 3.exd5 Nf6 4.Bb5+ Nbd7 5.c4 a6 6.Bxd7+ Qxd7 7.Nc3 b5 8.d3 
Bb7 9.Nf3 e6 10.Qe2 O-O-O 11.Ne5 Qc7 12.O-O b4 13.dxe6 fxe6 14.Na4 Bd6 15.
Be3 Rhg8 16.d4 cxd4 17.Bxd4 g5 18.f5 Ne4 19.Bb6 Qg7 20.f6 Qh6 21.Ng4 Qh5 
22.Bxd8 Bxh2+ 23.Nxh2 Qxe2 24.Rae1 Qc2 25.f7 Rxd8 26.f8=Q Rxf8 27.Rxf8+ 
Kc7 28.Rf7+ Kb8 29.b3 Bc6 30.Rf8+ Kc7 31.Rf7+ Kd8 32.Nf3 Qf2+ 33.Kh2 g4 
34.Rd1+ Ke8 35.Nd4 Kxf7 36.Nxc6 Qf4+ 37.Kg1 Qe3+ 38.Kh2 g3+ 39.Kh3 Nf2+ 
40.Kh4 Qf4+ 41.Kh5 Qf5+ 0-1

[Event "23rd EUR-ch"]
[Site "Vrnjacka Banja SRB"]
[Date "2023.03.09"]
[Round "7.218"]
[White "Velkoski, Stojan"]
[Black "Petrovic, Dragan R."]
[Result "1-0"]
[WhiteElo "1868"]
[BlackElo "2141"]
[EventDate "2023.03.03"]
[PlyCount "69"]

1.e4 c5 2.Nf3 d6 3.d4 cxd4 4.Nxd4 Nf6 5.Nc3 a6 6.g3 e6 7.Bg2 Be7 8.O-O O-O
9.a4 Qc7 10.Be3 Nc6 11.Kh1 Bd7 12.f4 Na5 13.g4 Nc4 14.Bc1 Rab8 15.g5 Ne8 
16.f5 Ne5 17.Qh5 Qb6 18.Nce2 g6 19.Qh4 exf5 20.exf5 Bc6 21.f6 Bxg2+ 22.
Kxg2 Bd8 23.Ra3 Qc5 24.Rh3 Qd5+ 25.Kg1 h5 26.Rf4 Bb6 27.Be3 Nc7 28.Nf5 
Qd1+ 29.Kf2 Bxe3+ 30.Nxe3 Qd2 31.Rd4 Qa5 32.Nf5 Ng4+ 33.Qxg4 Qxf5+ 34.Qxf5
gxf5 35.Rxh5 1-0

[Event "23rd EUR-ch"]
[Site "Vrnjacka Banja SRB"]
[Date "2023.03.09"]
[Round "7.219"]
[White "Pirvulescu, Adrian"]
[Black "Nikolaidis, Konstantinos"]
[Result "0-1"]
[WhiteElo "1738"]
[BlackElo "2133"]
[EventDate "2023.03.03"]
[PlyCount "76"]

1.e4 c5 2.Nf3 d6 3.d4 cxd4 4.Nxd4 Nf6 5.Nc3 a6 6.Be3 e5 7.Nb3 Be6 8.h3 Be7
9.f4 exf4 10.Bxf4 Nc6 11.Qe2 Qc7 12.O-O-O O-O 13.Kb1 Rfe8 14.g4 Bf8 15.g5 
Nd7 16.Qh2 Nde5 17.Nd5 Bxd5 18.exd5 Na5 19.h4 Nac4 20.Qg3 Rac8 21.Rh2 g6 
22.c3 Bg7 23.Bc1 Ra8 24.h5 a5 25.hxg6 hxg6 26.Nd2 Nxd2+ 27.Rdxd2 Nc4 28.
Bxc4 Qxc4 29.Rh4 Qc5 30.Rdh2 Qxd5 31.Qh3 Kf8 32.Qd7 Re1 33.Qa4 Rae8 34.
Rh8+ Bxh8 35.Rxh8+ Kg7 36.Rxe8 Qf5+ 37.Re4 Rxe4 38.Qc2 Re2 0-1

[Event "23rd EUR-ch"]
[Site "Vrnjacka Banja SRB"]
[Date "2023.03.09"]
[Round "7.221"]
[White "Bozic, Sasa"]
[Black "Bashylina, Luisa"]
[Result "0-1"]
[WhiteElo "1839"]
[BlackElo "2127"]
[EventDate "2023.03.03"]
[PlyCount "82"]

1.e4 c5 2.Nf3 d6 3.d4 cxd4 4.Nxd4 Nf6 5.Nc3 a6 6.a4 e6 7.Be2 Be7 8.O-O O-O
9.Be3 Qc7 10.Rc1 Nc6 11.Qd2 Ne5 12.f3 Nc4 13.Bxc4 Qxc4 14.Qd3 Qc7 15.Nde2 
b6 16.Rfd1 Bb7 17.Qd4 Nd7 18.Ng3 Rac8 19.Nh5 e5 20.Qd2 g6 21.Ng3 Qc4 22.
Bg5 f6 23.Bh6 Rf7 24.h4 Nc5 25.Be3 Nxa4 26.Nxa4 Qxa4 27.Bxb6 Bf8 28.b3 Qb5
29.Bf2 Rd7 30.Qe2 Qxe2 31.Nxe2 Bh6 32.Ra1 Rxc2 33.Kf1 Kf7 34.Ng3 Bc6 35.
Kg1 Bb5 36.Nf1 Rc3 37.Ra2 Rxb3 38.Nh2 f5 39.exf5 gxf5 40.g4 Bf4 41.gxf5 
Bxh2+ 0-1

[Event "23rd EUR-ch"]
[Site "Vrnjacka Banja SRB"]
[Date "2023.03.09"]
[Round "7.222"]
[White "Tabakovski, Dino"]
[Black "Janjic, Stefan"]
[Result "0-1"]
[WhiteElo "1692"]
[BlackElo "2115"]
[EventDate "2023.03.03"]
[PlyCount "82"]

1.d4 e6 2.c4 Nf6 3.Nc3 Bb4 4.f3 d5 5.a3 Bxc3+ 6.bxc3 O-O 7.cxd5 exd5 8.e3 
c5 9.Bd3 Qa5 10.Bd2 Re8 11.Ne2 Bd7 12.O-O Ba4 13.Bc2 Bxc2 14.Qxc2 Qc7 15.
Qf5 Nc6 16.Ng3 Rad8 17.Rae1 Re6 18.Qg5 h6 19.Qh4 Ne7 20.Nh5 Nxh5 21.Qxh5 
Qa5 22.Rf2 cxd4 23.cxd4 Qxa3 24.e4 Qd3 25.Be3 Ng6 26.e5 Ne7 27.g4 Nc6 28.
Rd2 Qc3 29.Ree2 Qa1+ 30.Kg2 Qb1 31.Qh4 g5 32.Qg3 Qg6 33.Kf1 Na5 34.Ra2 Ra6
35.h4 Nc4 36.Kf2 Nxe3 37.Kxe3 Rc8 38.hxg5 hxg5 39.Kf2 Qd3 40.e6 Qxd4+ 41.
Kg2 fxe6 0-1

[Event "23rd EUR-ch"]
[Site "Vrnjacka Banja SRB"]
[Date "2023.03.09"]
[Round "7.223"]
[White "Veleski, Robert"]
[Black "Mitrovic, Stefan"]
[Result "1-0"]
[WhiteElo "2106"]
[BlackElo "1859"]
[EventDate "2023.03.03"]
[PlyCount "59"]

1.d4 Nf6 2.Nf3 d6 3.Bg5 Nbd7 4.c3 c6 5.Nbd2 Qc7 6.e4 e5 7.Be2 Be7 8.O-O 
O-O 9.a4 a5 10.Qc2 Re8 11.Rfe1 Nf8 12.dxe5 dxe5 13.Nc4 Ng6 14.Be3 Nd7 15.
Red1 b6 16.Rxd7 Bxd7 17.Bxb6 Qb7 18.Bxa5 Be6 19.b4 Bxc4 20.Bxc4 h6 21.h3 
Bd6 22.Rd1 Bb8 23.Qd3 Ba7 24.Qd6 Bb6 25.Bxb6 Qxb6 26.Qxg6 Re7 27.Qd6 Ree8 
28.a5 Qa7 29.Nxe5 Red8 30.Bxf7+ 1-0

[Event "23rd EUR-ch"]
[Site "Vrnjacka Banja SRB"]
[Date "2023.03.09"]
[Round "7.225"]
[White "Kienboeck, Benjamin"]
[Black "Arandjelovic, Aleksandar Z."]
[Result "1-0"]
[WhiteElo "2066"]
[BlackElo "1828"]
[EventDate "2023.03.03"]
[PlyCount "95"]

1.e4 c5 2.Nf3 Nc6 3.d4 cxd4 4.Nxd4 Nf6 5.Nc3 d6 6.Be3 e5 7.Nb3 Be6 8.Be2 
Be7 9.g4 h6 10.Bf3 a6 11.Rg1 Rc8 12.h4 Nd7 13.g5 hxg5 14.hxg5 Nf8 15.Nd5 
Bxd5 16.exd5 Na5 17.Bg4 Nc4 18.Bxc8 Nxe3 19.fxe3 Qxc8 20.Qd3 Qd8 21.O-O-O 
Bxg5 22.Kb1 Nd7 23.Qf5 Bh6 24.Rdf1 Nf6 25.Rh1 Qd7 26.Qd3 Qg4 27.Nd2 Ke7 
28.Qb3 b5 29.Qa3 Qe2 30.Nf3 Rc8 31.Nxe5 Qxc2+ 32.Ka1 Nxd5 33.Nxf7 b4 34.
Qxa6 Qc5 35.Nxh6 gxh6 36.Qd3 Kd7 37.Qf5+ Kd8 38.Qh7 Ne7 39.Rf8+ Kd7 40.
Rxc8 Qxc8 41.Qxh6 Qa6 42.Qh3+ Kc7 43.Qe6 Nc6 44.Rd1 Ne5 45.Qe7+ Kc8 46.
Qxd6 Qe2 47.Rc1+ Nc4 48.Qe6+ 1-0

[Event "23rd EUR-ch"]
[Site "Vrnjacka Banja SRB"]
[Date "2023.03.09"]
[Round "7.226"]
[White "Mandryka, Vladislav"]
[Black "Grozdanovic, Anastasia"]
[Result "1/2-1/2"]
[WhiteElo "1465"]
[BlackElo "2050"]
[EventDate "2023.03.03"]
[PlyCount "81"]

1.Nf3 d5 2.d4 Nf6 3.c4 e6 4.Nc3 Be7 5.g3 O-O 6.Bg2 c5 7.cxd5 exd5 8.O-O 
Nc6 9.Bg5 c4 10.b3 cxb3 11.axb3 Be6 12.e3 h6 13.Bxf6 Bxf6 14.Qe2 Qd7 15.
Rfc1 Rfc8 16.Na4 b6 17.Nc3 Na5 18.Qb2 Rc7 19.Ne1 Rac8 20.Bf1 Qe7 21.Ba6 
Rd8 22.Nd3 Qf8 23.Na2 Rxc1+ 24.Rxc1 Bf5 25.Ne1 Qd6 26.Bf1 Be7 27.Bg2 Qe6 
28.Nf3 Bd6 29.Nd2 Bg6 30.Bf1 Be7 31.b4 Nb7 32.b5 Nd6 33.Nb4 Ne4 34.Nc6 Ra8
35.Nxe7+ Qxe7 36.Nf3 Qf6 37.Ne5 Bf5 38.Rc6 Qe7 39.Qc1 Qb4 40.Rc7 Be6 41.
Nc6 1/2-1/2

[Event "23rd EUR-ch"]
[Site "Vrnjacka Banja SRB"]
[Date "2023.03.09"]
[Round "7.227"]
[White "Pantovic, Dragan M."]
[Black "Sakovich, Luka"]
[Result "1/2-1/2"]
[WhiteElo "2038"]
[BlackElo "1799"]
[EventDate "2023.03.03"]
[PlyCount "31"]

1.d4 Nf6 2.c4 e6 3.Nf3 d5 4.Nc3 Be7 5.Bf4 O-O 6.e3 c5 7.dxc5 Bxc5 8.Qc2 
dxc4 9.Bxc4 Nc6 10.a3 Nh5 11.Bd3 f5 12.Bg5 Be7 13.Bxe7 Qxe7 14.O-O Kh8 15.
e4 Nf4 16.exf5 1/2-1/2